[Event "Chess House IM"]
[Site "Aarhus"]
[Date "2015.02.10"]
[Round "5"]
[White "Ahlander, Bjorn"]
[Black "Percivaldi, Martin"]
[Result "1/2-1/2"]
[WhiteElo "2389"]
[BlackElo "2337"]
[PlyCount "104"]
[EventDate "2015.02.07"]
[EventType "tourn"]
[EventRounds "9"]
[EventCountry "DEN"]
[EventCategory "4"]
[SourceTitle "EXT 2016"]
[Source "ChessBase"]
[SourceDate "2015.10.08"]

1. e4 e6 2. d4 d5 3. Nc3 Bb4 4. a3 Bxc3+ 5. bxc3 dxe4 6. Qg4 Nf6 7. Qxg7 Rg8 8.
Qh6 Nbd7 9. a4 b6 10. Ne2 Bb7 11. Ng3 Qe7 12. a5 O-O-O 13. axb6 axb6 14. Ba3 c5
15. Be2 Rg6 16. Qh4 Nd5 17. Qxe7 Nxe7 18. Bb5 f5 19. O-O-O Bc6 20. c4 Bxb5 21.
cxb5 Nd5 22. Kb2 c4 23. Bd6 N7f6 24. Be5 Ng4 25. Ra1 Kb7 26. Ra4 Nxe5 27. dxe5
Nc7 28. Rxc4 Rd5 29. Rb4 Rxe5 30. Rd1 Rg7 31. f3 exf3 32. gxf3 Rxb5 33. Rxb5
Nxb5 34. c4 Nc7 35. Rd6 Re7 36. Kc3 Ne8 37. Rd8 Nf6 38. Kb4 Kc6 39. Rc8+ Kb7
40. Rd8 Ne8 41. c5 bxc5+ 42. Kxc5 Kc7 43. Ra8 Nf6 44. Ra7+ Kd8 45. Ra8+ Kd7 46.
Rf8 Ne8 47. Nh5 Kc7 48. f4 Kd7 49. Kd4 Kd6 50. h3 e5+ 51. fxe5+ Rxe5 52. Ng3
Rd5+ 1/2-1/2

[Event "Chess House IM"]
[Site "Aarhus"]
[Date "2015.02.08"]
[Round "3"]
[White "Ahlander, Bjorn"]
[Black "Frisk, Ellinor"]
[Result "1/2-1/2"]
[WhiteElo "2389"]
[BlackElo "2262"]
[PlyCount "102"]
[EventDate "2015.02.07"]
[EventType "tourn"]
[EventRounds "9"]
[EventCountry "DEN"]
[EventCategory "4"]
[SourceTitle "EXT 2016"]
[Source "ChessBase"]
[SourceDate "2015.10.08"]

1. c4 c6 2. e4 d5 3. exd5 cxd5 4. cxd5 Nf6 5. Nc3 g6 6. Bc4 Bg7 7. Nf3 O-O 8.
O-O Na6 9. Re1 Nc7 10. d4 Ncxd5 11. Bg5 Nb6 12. Bb3 h6 13. Bh4 Bg4 14. Bg3 e6
15. h3 Bxf3 16. Qxf3 Nbd5 17. Rac1 Rc8 18. Nb5 Qb6 19. Qd3 Rc6 20. Rxc6 bxc6
21. Nd6 Ne8 22. Re4 Nxd6 23. Bxd6 Rd8 24. Bc5 Qb7 25. h4 Nf6 26. Re3 Bf8 27.
Qc2 Kg7 28. Rg3 Bxc5 29. dxc5 Qd7 30. Rc3 Kf8 31. Qe2 h5 32. g3 Qd2 33. Qxd2
Rxd2 34. Rc2 Rxc2 35. Bxc2 Ke7 36. b4 Nd5 37. a3 e5 38. f3 f5 39. Kf2 Nc3 40.
Bd3 e4 41. Bc4 exf3 42. Kxf3 Nb1 43. Ke3 Nxa3 44. Bd3 Ke6 45. Kd2 Kd5 46. Kc3
Nb5+ 47. Bxb5 cxb5 48. Kb3 Ke6 49. Kc3 Kd5 50. Kb3 Kc6 51. Ka3 Kd5 1/2-1/2

[Event "Chess House IM"]
[Site "Aarhus"]
[Date "2015.02.07"]
[Round "1"]
[White "Ahlander, Bjorn"]
[Black "Petersen, Tom Petri"]
[Result "1-0"]
[WhiteElo "2389"]
[BlackElo "2359"]
[PlyCount "35"]
[EventDate "2015.02.07"]
[EventType "tourn"]
[EventRounds "9"]
[EventCountry "DEN"]
[EventCategory "4"]
[SourceTitle "EXT 2016"]
[Source "ChessBase"]
[SourceDate "2015.10.08"]

1. e4 g6 2. d4 Bg7 3. Nc3 a6 4. Be3 d6 5. Qd2 Nd7 6. h4 Ngf6 7. f3 b5 8. g4 h6
9. O-O-O Bb7 10. Kb1 Rc8 11. Nh3 c5 12. g5 hxg5 13. Nxg5 cxd4 14. Bxd4 Ne5 15.
Bxe5 Nxe4 16. Ncxe4 Bxe5 17. f4 Bg7 18. Bg2 1-0

[Event "Chess House IM"]
[Site "Aarhus"]
[Date "2015.02.08"]
[Round "3"]
[White "Baekgaard, Martin"]
[Black "Fries Nielsen, Jens Ove"]
[Result "0-1"]
[WhiteElo "2314"]
[BlackElo "2433"]
[PlyCount "78"]
[EventDate "2015.02.07"]
[EventType "tourn"]
[EventRounds "9"]
[EventCountry "DEN"]
[EventCategory "4"]
[SourceTitle "EXT 2016"]
[Source "ChessBase"]
[SourceDate "2015.10.08"]

1. d4 e6 2. c4 Ne7 3. Nc3 d5 4. Nf3 Nbc6 5. e3 h6 6. b3 g5 7. Bb2 Bg7 8. Rc1 a6
9. Bd3 f5 10. O-O O-O 11. a3 g4 12. Nd2 h5 13. Ne2 Ng6 14. b4 Nce7 15. Qc2 Bd7
16. a4 dxc4 17. Bxc4 Kh7 18. b5 axb5 19. axb5 b6 20. Ra1 Rc8 21. Qb3 Qe8 22. f4
Nd5 23. Rfe1 c6 24. Nc3 Nge7 25. bxc6 Bxc6 26. Nb5 Rd8 27. Ra7 h4 28. g3 Qh5
29. e4 hxg3 30. hxg3 fxe4 31. Nxe4 Rh8 32. Nf2 Kg8 33. Rxe6 Qh2+ 34. Kf1 Nf5
35. Ra3 Rh3 36. Rxc6 Nxg3+ 37. Ke1 Qg1+ 38. Kd2 Qxf2+ 39. Kc1 Rh1+ 0-1

[Event "Chess House IM"]
[Site "Aarhus"]
[Date "2015.02.07"]
[Round "1"]
[White "Bank, Pelle Rodkjaer"]
[Black "Meskovs, Nikita"]
[Result "0-1"]
[WhiteElo "2296"]
[BlackElo "2454"]
[PlyCount "134"]
[EventDate "2015.02.07"]
[EventType "tourn"]
[EventRounds "9"]
[EventCountry "DEN"]
[EventCategory "4"]
[SourceTitle "EXT 2016"]
[Source "ChessBase"]
[SourceDate "2015.10.08"]

1. d4 Nf6 2. Nc3 d5 3. Bf4 e6 4. Nb5 Na6 5. e3 c6 6. Nc3 Nb8 7. Bd3 Nbd7 8. Qf3
Qa5 9. a3 b5 10. Ra2 Bb7 11. Nge2 Be7 12. O-O O-O 13. g4 Qd8 14. Qh3 g6 15. Bh6
Re8 16. f4 Bf8 17. Bxf8 Nxf8 18. Qh4 N8d7 19. Raa1 a6 20. Ng3 c5 21. g5 c4 22.
gxf6 cxd3 23. cxd3 Nxf6 24. Rac1 Kg7 25. Rc2 Rc8 26. Rg2 Ng8 27. Qxd8 Rexd8 28.
Rc1 Rd7 29. Rgc2 Rdc7 30. Kf2 h5 31. Ke1 h4 32. Nf1 Nh6 33. Kd2 f6 34. Ne2
Rxc2+ 35. Rxc2 Rxc2+ 36. Kxc2 g5 37. fxg5 fxg5 38. Kc3 a5 39. b4 a4 40. Kd2 Bc6
41. Ng1 g4 42. Ne2 Kf6 43. Nf4 Nf7 44. Ng2 Kg5 45. Nf4 Bd7 46. Ke2 Nd6 47. Kf2
Nf5 48. Ne2 Be8 49. Nc3 Nd6 50. Ne2 Kf6 51. Nf4 Bf7 52. Ng2 Nf5 53. Nf4 e5 54.
dxe5+ Kxe5 55. Ng2 Bg6 56. Nf4 Bh7 57. Ng2 Ne7 58. Ke2 Ng6 59. Kf2 Bg8 60. Nd2
d4 61. Ke2 Bd5 62. exd4+ Kxd4 63. Ne3 Nf4+ 64. Kf2 Nxd3+ 65. Ke2 Nc1+ 66. Kf2
g3+ 67. hxg3 hxg3+ 0-1

[Event "Chess House IM"]
[Site "Aarhus"]
[Date "2015.02.08"]
[Round "2"]
[White "Bank, Pelle Rodkjaer"]
[Black "Percivaldi, Martin"]
[Result "0-1"]
[WhiteElo "2296"]
[BlackElo "2337"]
[PlyCount "72"]
[EventDate "2015.02.07"]
[EventType "tourn"]
[EventRounds "9"]
[EventCountry "DEN"]
[EventCategory "4"]
[SourceTitle "EXT 2016"]
[Source "ChessBase"]
[SourceDate "2015.10.08"]

1. d4 d5 2. c4 c6 3. Nc3 dxc4 4. Nf3 b5 5. g3 Bb7 6. Bg2 Nd7 7. e4 e6 8. O-O
Ngf6 9. Qc2 Be7 10. Rd1 O-O 11. h3 a6 12. Be3 Qc7 13. Bf4 Qb6 14. g4 Rfd8 15.
Rab1 c5 16. d5 exd5 17. e5 d4 18. exf6 Nxf6 19. Re1 Bd6 20. Bxd6 Qxd6 21. Rbd1
Qc7 22. Nb1 Nd5 23. Ng5 g6 24. Qd2 Kg7 25. h4 h6 26. Nh3 b4 27. g5 h5 28. Re4
c3 29. bxc3 Nxc3 30. Nxc3 dxc3 31. Qe2 Rxd1+ 32. Qxd1 Bxe4 33. Bxe4 Rd8 34. Qf3
Qe5 35. Nf4 Rd4 36. Bxg6 Qxf4 0-1

[Event "Chess House IM"]
[Site "Aarhus"]
[Date "2015.02.13"]
[Round "8"]
[White "Bank, Pelle Rodkjaer"]
[Black "Fries Nielsen, Jens Ove"]
[Result "0-1"]
[WhiteElo "2296"]
[BlackElo "2433"]
[PlyCount "112"]
[EventDate "2015.02.07"]
[EventType "tourn"]
[EventRounds "9"]
[EventCountry "DEN"]
[EventCategory "4"]
[SourceTitle "EXT 2016"]
[Source "ChessBase"]
[SourceDate "2015.10.08"]

1. d4 Nf6 2. Bg5 e6 3. e4 Be7 4. Nd2 d6 5. Ngf3 Nc6 6. h3 O-O 7. c3 b6 8. Qc2
Bb7 9. O-O-O a5 10. Bb5 Nd7 11. h4 e5 12. Qa4 exd4 13. cxd4 Ncb8 14. e5 c6 15.
Bxe7 cxb5 16. Bxd8 bxa4 17. Be7 Rc8+ 18. Kb1 dxe5 19. dxe5 Nc6 20. Bd6 Nb4 21.
Bxb4 axb4 22. h5 Nc5 23. Rh4 b3 24. Rd4 Ba6 25. Nc4 Bxc4 26. Rxc4 h6 27. Rd5
Kh7 28. Nd4 Ne4 29. Rc6 Nd2+ 30. Ka1 Rd8 31. Rdd6 Ne4 32. Rxd8 Rxd8 33. Rc4 Nc5
34. Kb1 Ne6 35. Ne2 Rd2 36. Nc1 Nd4 37. axb3 axb3 38. Rc3 Rxf2 39. Nxb3 Nxb3
40. Rxb3 Rxg2 41. Rxb6 Rg5 42. e6 fxe6 43. Rxe6 Rxh5 44. Kc2 Rb5 45. Kc3 h5 46.
b4 h4 47. Kc4 Rh5 48. b5 h3 49. Re1 g5 50. b6 Kg6 51. b7 Rh8 52. Re6+ Kf5 53.
Rh6 Rb8 54. Rh7 g4 55. Kd3 Kf4 56. Ke2 Kg3 0-1

[Event "Chess House IM"]
[Site "Aarhus"]
[Date "2015.02.08"]
[Round "2"]
[White "Fries Nielsen, Jens Ove"]
[Black "Ahlander, Bjorn"]
[Result "1-0"]
[WhiteElo "2433"]
[BlackElo "2389"]
[PlyCount "75"]
[EventDate "2015.02.07"]
[EventType "tourn"]
[EventRounds "9"]
[EventCountry "DEN"]
[EventCategory "4"]
[SourceTitle "EXT 2016"]
[Source "ChessBase"]
[SourceDate "2015.10.08"]

1. e4 e5 2. Nf3 Nc6 3. d3 Bc5 4. Nxe5 Nxe5 5. d4 Bd6 6. dxe5 Bxe5 7. Bc4 d6 8.
f4 Bf6 9. O-O Nh6 10. Nc3 O-O 11. f5 c6 12. Qh5 Qe7 13. Bxh6 gxh6 14. Qxh6 Bd7
15. Kh1 Qe5 16. Rf3 Bg7 17. Qh5 Rae8 18. Rh3 h6 19. Rf1 Qf6 20. Rg3 Kh8 21. Rf4
d5 22. Bxd5 Re5 23. Bb3 Be8 24. Qe2 b5 25. Nd1 Bd7 26. Qf3 Rfe8 27. h3 Bf8 28.
Nf2 Bd6 29. Ng4 Qg7 30. Nxe5 Qxe5 31. Rfg4 Qxb2 32. Qe3 Qa1+ 33. Kh2 Qf6 34.
Bxf7 Bxf5 35. Qf3 Qxf7 36. exf5 Kh7 37. f6 Rg8 38. Qd3+ 1-0

[Event "Chess House IM"]
[Site "Aarhus"]
[Date "2015.02.08"]
[Round "2"]
[White "Meskovs, Nikita"]
[Black "Schou Moldt, Thomas"]
[Result "1-0"]
[WhiteElo "2454"]
[BlackElo "2195"]
[PlyCount "71"]
[EventDate "2015.02.07"]
[EventType "tourn"]
[EventRounds "9"]
[EventCountry "DEN"]
[EventCategory "4"]
[SourceTitle "EXT 2016"]
[Source "ChessBase"]
[SourceDate "2015.10.08"]

1. d4 d5 2. Nf3 Nf6 3. c4 c6 4. Nc3 a6 5. c5 Nbd7 6. Bf4 Nh5 7. Bd2 Nhf6 8. h3
g6 9. Bf4 Bg7 10. e3 O-O 11. Be2 b6 12. cxb6 Qxb6 13. b3 c5 14. O-O Bb7 15. Na4
Qa7 16. Ne5 Rfd8 17. Rc1 Rac8 18. dxc5 d4 19. c6 Nxe5 20. cxb7 Rxc1 21. Qxc1
Ned7 22. Qc7 Rf8 23. Bf3 e5 24. Bxe5 dxe3 25. Bg3 Bh6 26. Nb6 exf2+ 27. Bxf2
Nxb6 28. Bxb6 Be3+ 29. Bxe3 Qxe3+ 30. Kh2 Qa7 31. Bc6 Kg7 32. Qd6 Ng8 33. Re1
Nf6 34. Rf1 Ng8 35. Bd5 Qd4 36. Qxf8+ 1-0

[Event "Chess House IM"]
[Site "Aarhus"]
[Date "2015.02.13"]
[Round "8"]
[White "Meskovs, Nikita"]
[Black "Frisk, Ellinor"]
[Result "1-0"]
[WhiteElo "2454"]
[BlackElo "2262"]
[PlyCount "73"]
[EventDate "2015.02.07"]
[EventType "tourn"]
[EventRounds "9"]
[EventCountry "DEN"]
[EventCategory "4"]
[SourceTitle "EXT 2016"]
[Source "ChessBase"]
[SourceDate "2015.10.08"]

1. e4 c5 2. Nf3 Nc6 3. Bb5 d6 4. O-O Bd7 5. Re1 Nf6 6. c3 a6 7. Bf1 Bg4 8. d4
cxd4 9. cxd4 Bxf3 10. gxf3 e5 11. d5 Nd4 12. Be3 Be7 13. f4 O-O 14. Bxd4 exd4
15. Qxd4 Ng4 16. Nc3 Bf6 17. e5 dxe5 18. fxe5 Nxe5 19. Rxe5 Bxe5 20. Qxe5 Qb6
21. Rd1 Qxb2 22. Rb1 Qc2 23. Rxb7 Rae8 24. Qg3 Re1 25. Kg2 Rc1 26. Rc7 h6 27.
d6 Rd8 28. Bc4 Rf8 29. Ne2 Qe4+ 30. f3 Qxc4 31. Rxc4 Rxc4 32. Qe5 Rc2 33. d7
Rxa2 34. Kg3 Rd2 35. Nd4 a5 36. Nf5 f6 37. Qe7 1-0

[Event "Chess House IM"]
[Site "Aarhus"]
[Date "2015.02.09"]
[Round "4"]
[White "Meskovs, Nikita"]
[Black "Petersen, Tom Petri"]
[Result "0-1"]
[WhiteElo "2454"]
[BlackElo "2359"]
[PlyCount "124"]
[EventDate "2015.02.07"]
[EventType "tourn"]
[EventRounds "9"]
[EventCountry "DEN"]
[EventCategory "4"]
[SourceTitle "EXT 2016"]
[Source "ChessBase"]
[SourceDate "2015.10.08"]

1. e4 g6 2. Nf3 Bg7 3. d4 d6 4. Bc4 a6 5. a4 b6 6. O-O e6 7. Bg5 Ne7 8. Nc3 h6
9. Be3 Nd7 10. Qe2 Bb7 11. Rad1 O-O 12. Rfe1 Qe8 13. h4 Nf6 14. d5 e5 15. Nh2
Nh5 16. Qd2 Kh7 17. g4 Nf6 18. Qd3 Nd7 19. Ne2 Nc5 20. Bxc5 bxc5 21. a5 Bc8 22.
Ng3 Bf6 23. g5 hxg5 24. Qf3 Ng8 25. h5 Qd7 26. Be2 Kg7 27. Qg2 Nh6 28. f3 g4
29. fxg4 Bg5 30. Rf1 Qe7 31. Kh1 Rb8 32. b3 Bf4 33. Qh3 g5 34. Nf5+ Bxf5 35.
gxf5 f6 36. Ng4 Rh8 37. Kg2 Rb4 38. Bc4 Qe8 39. Rh1 Nxg4 40. Qxg4 Kh6 41. Qe2
Qa8 42. Ra1 Rb7 43. Ra4 Rhb8 44. Rb1 Rb4 45. Rba1 Rxa4 46. Rxa4 Rb7 47. Bxa6
Ra7 48. Bb5 Rxa5 49. Bc6 Qa7 50. Qb5 Rxa4 51. bxa4 c4 52. Qxc4 Qe3 53. Qd3 Qe1
54. Qf3 Qh4 55. Qh3 Qe1 56. Qf3 Be3 57. Qf1 Qd2+ 58. Kf3 Bc5 59. Kg4 Qh2 60.
Qd3 Qf4+ 61. Kh3 g4+ 62. Kg2 Qf2+ 0-1

[Event "Chess House IM"]
[Site "Aarhus"]
[Date "2015.02.10"]
[Round "5"]
[White "Olsarova, Karolina"]
[Black "Meskovs, Nikita"]
[Result "0-1"]
[WhiteElo "2255"]
[BlackElo "2454"]
[PlyCount "80"]
[EventDate "2015.02.07"]
[EventType "tourn"]
[EventRounds "9"]
[EventCountry "DEN"]
[EventCategory "4"]
[SourceTitle "EXT 2016"]
[Source "ChessBase"]
[SourceDate "2015.10.08"]

1. e4 e5 2. Nf3 Nc6 3. Bc4 Bc5 4. O-O Nf6 5. d3 d6 6. c3 O-O 7. Bb3 a6 8. Nbd2
Ba7 9. h3 Be6 10. Bc2 h6 11. Re1 Re8 12. Nf1 d5 13. Qe2 b5 14. Ne3 Qd7 15. Nh4
g6 16. exd5 Bxd5 17. Nxd5 Nxd5 18. Bxh6 b4 19. Bd2 Qd6 20. Qf3 Re6 21. Qg4 Qc5
22. d4 Nxd4 23. Bxg6 fxg6 24. cxd4 Qb6 25. Re2 Rf8 26. Rae1 Nf4 27. Bxf4 Rxf4
28. Qxf4 exf4 29. Rxe6 Qxd4 30. R1e2 Qd1+ 31. Kh2 Be3 32. Rxg6+ Kf7 33. fxe3
Qxe2 34. exf4 Qf2 35. Rg4 Qxb2 36. f5 c5 37. Rf4 Qxa2 38. f6 Qd2 39. Rf3 c4 40.
Nf5 c3 0-1

[Event "Chess House IM"]
[Site "Aarhus"]
[Date "2015.02.07"]
[Round "1"]
[White "Olsarova, Karolina"]
[Black "Fries Nielsen, Jens Ove"]
[Result "0-1"]
[WhiteElo "2255"]
[BlackElo "2433"]
[PlyCount "58"]
[EventDate "2015.02.07"]
[EventType "tourn"]
[EventRounds "9"]
[EventCountry "DEN"]
[EventCategory "4"]
[SourceTitle "EXT 2016"]
[Source "ChessBase"]
[SourceDate "2015.10.08"]

1. e4 d6 2. d4 a6 3. Nc3 b5 4. Bd3 Nd7 5. Nf3 Bb7 6. O-O Ngf6 7. Re1 e5 8. a4
b4 9. Na2 exd4 10. Nxd4 c5 11. Nf3 Be7 12. Bf4 O-O 13. c3 d5 14. e5 Ne4 15. h3
b3 16. Nc1 c4 17. Bxe4 dxe4 18. Nd2 Nb6 19. Qe2 Nd5 20. Bg3 e3 21. Nxc4 exf2+
22. Qxf2 f5 23. exf6 Rxf6 24. Qe2 Rg6 25. Kh2 Bh4 26. Bxh4 Qxh4 27. Qe4 Qg3+
28. Kh1 Nf4 29. Ne2 Qxh3+ 0-1

[Event "Chess House IM"]
[Site "Aarhus"]
[Date "2015.02.13"]
[Round "8"]
[White "Percivaldi, Martin"]
[Black "Petersen, Tom Petri"]
[Result "1/2-1/2"]
[WhiteElo "2337"]
[BlackElo "2359"]
[PlyCount "181"]
[EventDate "2015.02.07"]
[EventType "tourn"]
[EventRounds "9"]
[EventCountry "DEN"]
[EventCategory "4"]
[SourceTitle "EXT 2016"]
[Source "ChessBase"]
[SourceDate "2015.10.08"]

1. d4 g6 2. c4 Bg7 3. e4 d6 4. Nc3 e5 5. d5 f5 6. Bd3 Nf6 7. Nge2 O-O 8. exf5
gxf5 9. f4 e4 10. Bc2 c5 11. dxc6 Nxc6 12. h3 Be6 13. Nd5 Bxd5 14. cxd5 Nb4 15.
O-O Qb6+ 16. Kh2 Nxc2 17. Qxc2 Nxd5 18. Qc4 Qc5 19. Qb3 Rf7 20. Rd1 Nb4 21. Be3
Qc2 22. Qxb4 Qxe2 23. Bd4 Bxd4 24. Qxd4 Rg7 25. Rg1 Re8 26. Rae1 Qb5 27. Qxd6
Qxb2 28. Qd5+ Kh8 29. Qxf5 e3 30. Qd5 Qf2 31. Qd4 Qg3+ 32. Kh1 e2 33. f5 h6 34.
f6 Rf7 35. Qc4 Rxf6 36. Rxe2 Rxe2 37. Qxe2 Rf2 38. Qe8+ Qg8 39. Qe5+ Qg7 40.
Qb8+ Kh7 41. Qxa7 Qf7 42. Qd4 Rxa2 43. Qe4+ Kg8 44. Qg4+ Kh8 45. Rd1 Ra8 46.
Rd7 Qf6 47. Qe4 Kg8 48. Kh2 Kf8 49. Rd5 Kg8 50. Rd7 Kf8 51. Rd3 Re8 52. Qb4+
Qe7 53. Rf3+ Kg7 54. Rg3+ Kh7 55. Qg4 Qf7 56. h4 b5 57. Rf3 Qc7+ 58. Rg3 Qf7
59. Rf3 Qc7+ 60. Kh3 Rg8 61. Qf5+ Kh8 62. Qxb5 Qc8+ 63. Kh2 Qb8+ 64. Qxb8 Rxb8
65. Rf7 Rb3 66. Ra7 Rc3 67. g3 Rc2+ 68. Kh3 Rc4 69. h5 Rb4 70. Re7 Rb5 71. Kg4
Rg5+ 72. Kh4 Ra5 73. g4 Ra3 74. Rb7 Rc3 75. Rb4 Ra3 76. Rb2 Kg7 77. Rg2 Ra1 78.
Kh3 Rb1 79. Rg3 Rb2 80. Rd3 Rb4 81. Kg3 Ra4 82. Kf3 Kf6 83. Rd6+ Kg7 84. Rd7+
Kg8 85. Re7 Ra1 86. Kf4 Rf1+ 87. Ke5 Rf2 88. Rd7 Rf1 89. Ke6 Rf4 90. Rd8+ Kg7
91. Rd7+ 1/2-1/2

[Event "Chess House IM"]
[Site "Aarhus"]
[Date "2015.02.08"]
[Round "3"]
[White "Percivaldi, Martin"]
[Black "Meskovs, Nikita"]
[Result "1-0"]
[WhiteElo "2337"]
[BlackElo "2454"]
[PlyCount "113"]
[EventDate "2015.02.07"]
[EventType "tourn"]
[EventRounds "9"]
[EventCountry "DEN"]
[EventCategory "4"]
[SourceTitle "EXT 2016"]
[Source "ChessBase"]
[SourceDate "2015.10.08"]

1. d4 Nf6 2. c4 g6 3. Nc3 d5 4. Nf3 Bg7 5. Qa4+ Bd7 6. Qb3 dxc4 7. Qxc4 O-O 8.
Bf4 Na6 9. e4 c5 10. e5 Be6 11. exf6 Bxc4 12. fxg7 Re8 13. Bxc4 cxd4 14. O-O-O
Rc8 15. Rxd4 Qxd4 16. Nxd4 Rxc4 17. Be3 Nb4 18. Kb1 Rd8 19. Nb3 Nc6 20. Nd2 Rh4
21. h3 Rh5 22. g4 Re5 23. Nc4 Re6 24. a4 Kxg7 25. Rc1 f5 26. a5 fxg4 27. hxg4
h5 28. Na4 b6 29. axb6 axb6 30. Ncxb6 Ne5 31. gxh5 gxh5 32. Nc4 Ng4 33. Bb6 Rf8
34. Nc5 Re2 35. Nd3 Rf3 36. Bd4+ Kh7 37. Nce5 Nxe5 38. Nxe5 Rf5 39. Nc6 Rb5 40.
b4 Rd5 41. Be3 e5 42. Rh1 Kg7 43. Kc1 e4 44. Rh4 Rd3 45. Nd4 Rc3+ 46. Kb1 Re1+
47. Kb2 Rc4 48. Kb3 Rc8 49. Rxh5 Rb1+ 50. Ka4 Rc4 51. Rb5 Rd1 52. Ne6+ Kf7 53.
Nc5 Rb1 54. Rb6 Ke8 55. Ka5 Kd8 56. Na4 Rb3 57. Bc5 1-0

[Event "Chess House IM"]
[Site "Aarhus"]
[Date "2015.02.09"]
[Round "4"]
[White "Percivaldi, Martin"]
[Black "Olsarova, Karolina"]
[Result "1/2-1/2"]
[WhiteElo "2337"]
[BlackElo "2255"]
[PlyCount "139"]
[EventDate "2015.02.07"]
[EventType "tourn"]
[EventRounds "9"]
[EventCountry "DEN"]
[EventCategory "4"]
[SourceTitle "EXT 2016"]
[Source "ChessBase"]
[SourceDate "2015.10.08"]

1. d4 d5 2. c4 c6 3. Nf3 Nf6 4. e3 Bf5 5. Nc3 a6 6. Qb3 b5 7. c5 a5 8. Ne5 a4
9. Qd1 g6 10. g4 Be6 11. Bg2 Bg7 12. f4 Qc8 13. h3 h5 14. g5 Nfd7 15. Nf3 Na6
16. Nh4 a3 17. Qd2 axb2 18. Bxb2 Nf8 19. a4 b4 20. Ne2 Rb8 21. Nc1 Bf5 22. Nxf5
Qxf5 23. Qe2 Nc7 24. O-O Nd7 25. Nd3 O-O 26. h4 f6 27. Kh2 Qe6 28. f5 Qf7 29.
fxg6 Qxg6 30. Nf4 Qh7 31. Qxh5 Qxh5 32. Nxh5 fxg5 33. hxg5 Rxf1 34. Rxf1 Ra8
35. Bh3 Nf8 36. Ra1 Nce6 37. Nxg7 Kxg7 38. a5 Nxg5 39. Bf1 Nf3+ 40. Kg2 Nd2 41.
Ra4 Nxf1 42. Kxf1 Rb8 43. Ke2 Kf7 44. Kd3 Ne6 45. Kc2 Nc7 46. Bc1 Na6 47. Bd2
Rb5 48. Ra1 Ke6 49. Be1 Kf5 50. Bg3 Kg4 51. Bf4 Kf3 52. Kb2 Ke4 53. Rh1 e5 54.
Bxe5 Rxa5 55. Bf4 Kd3 56. Rd1+ Ke4 57. Rd2 Ra3 58. Rh2 Kd3 59. Rh6 Kc4 60. Rxc6
Rb3+ 61. Kc2 Ra3 62. Rb6 Ra2+ 63. Kd1 b3 64. c6 Kc3 65. c7 Nxc7 66. Bxc7 b2 67.
Bd6 Ra1+ 68. Ke2 b1=Q 69. Rxb1 Rxb1 70. Bf4 1/2-1/2

[Event "Chess House IM"]
[Site "Aarhus"]
[Date "2015.02.10"]
[Round "5"]
[White "Petersen, Tom Petri"]
[Black "Fries Nielsen, Jens Ove"]
[Result "1/2-1/2"]
[WhiteElo "2359"]
[BlackElo "2433"]
[PlyCount "82"]
[EventDate "2015.02.07"]
[EventType "tourn"]
[EventRounds "9"]
[EventCountry "DEN"]
[EventCategory "4"]
[SourceTitle "EXT 2016"]
[Source "ChessBase"]
[SourceDate "2015.10.08"]

1. c4 b6 2. Nc3 Bb7 3. e4 g6 4. g3 f5 5. Bg2 Nf6 6. d3 Bg7 7. Nge2 c5 8. O-O
Nc6 9. e5 Ng4 10. f4 h5 11. h3 Nh6 12. d4 h4 13. d5 Na5 14. Qd3 e6 15. Nb5 Nf7
16. Bd2 a6 17. Na3 Rb8 18. Rad1 exd5 19. cxd5 b5 20. b4 cxb4 21. Bxb4 Qb6+ 22.
Qd4 Qxd4+ 23. Rxd4 Bf8 24. Bxf8 Kxf8 25. gxh4 Rxh4 26. Rc1 Rc8 27. Rxc8+ Bxc8
28. Kf2 d6 29. e6 Nd8 30. Nc2 Ndb7 31. Ne3 Nc5 32. Ng3 Nab7 33. Ngxf5 gxf5 34.
Nxf5 Rh7 35. Ne3 Bxe6 36. dxe6 Nxe6 37. Rd5 Rf7 38. Rf5 Nbc5 39. Rxf7+ Kxf7 40.
Kg3 Nd3 41. f5 Nd4 1/2-1/2